| 000 | 004780000a22001810004500 | ||
|---|---|---|---|
| 003 | MACL | ||
| 005 | 20151230170940.0 | ||
| 008 | 151230b xxu||||| |||| 00| 0 eng d | ||
| 040 |
_aMACL _cMACL |
||
| 041 | _aEnglish | ||
| 082 | _a320.54/MEH | ||
| 100 |
_aMehrotra, Dr N C _925210 |
||
| 245 | _aPolitical Crises and Polls In India | ||
| 260 |
_bDeep & Deep Publications _c1980 _aNew Delhi |
||
| 350 | _a40 | ||
| 650 |
_aPolitical Science _925295 |
||
| 942 |
_cBK _k320.54/MEH _2ddc |
||
| 999 |
_c33870 _d33870 |
||